Обзор фронта обслуживания оборудования основными рабочими и помощниками мастера в производстве искусственных волокон... ... за 1976 год (Запись № 6010401)

Подробности
000 -МАРКЕР
контрольное поле 01790nam2a22002651 4500
001 - ИДЕНТИФИКАТОР ЗАПИСИ
контрольное поле rc\2362499
005 - ИДЕНТИФИКАТОР ВЕРСИИ
контрольное поле 20110829154741.9
035 ## - ДРУГИЕ СИСТЕМНЫЕ НОМЕРА
Идентификатор записи (NLR Aleph) 006478653
100 ## - ДАННЫЕ ОБЩЕЙ ОБРАБОТКИ
Данные общей обработки 20110829d1977 |||y0rusy50 ca
101 0# - ЯЗЫК РЕСУРСА
Язык текста, звукозаписи и т.д. русский
102 ## - СТРАНА ПУБЛИКАЦИИ ИЛИ ПРОИЗВОДСТВА
Страна публикации Российская Федерация
105 ## - ПОЛЕ КОДИРОВАННЫХ ДАННЫХ: ТЕКСТОВЫЕ МАТЕРИАЛЫ, МОНОГРАФИЧЕСКИЕ
Кодированные данные о монографическом текстовом документе y z |||||
200 0# - ЗАГЛАВИЕ И СВЕДЕНИЯ ОБ ОТВЕТСТВЕННОСТИ
Основное заглавие ... за 1976 год
Первые сведения об ответственности Исполн. инж. Н.Ф. Деренговская, инж. В.А. Орешкина
210 ## - ПУБЛИКАЦИЯ, РАСПРОСТРАНЕНИЕ И ДР.
Дата издания, распространения и т.д. 1977
215 ## - ФИЗИЧЕСКАЯ ХАРАКТЕРИСТИКА
Специфическое обозначение материала и объем 88 с.
461 #0 - УРОВЕНЬ НАБОРА
Встроенное поле 001rc\2362498
-- 2001#$aОбзор фронта обслуживания оборудования основными рабочими и помощниками мастера в производстве искусственных волокон...$eОтчет$fМ-во хим. пром-сти. Науч. произв. объединение "Химволокно". Всесоюз. н.-и. и проектный ин-т искусств. волокна с опыт. з-дом. ВНИИВ Проект$v... за 1976 год
Системный номер (АБИС) связанной записи 6010394
Место публикации Мытищи
Дата публикации 1977
Первые сведения об ответственности М-во хим. пром-сти. Науч. произв. объединение "Химволокно". Всесоюз. н.-и. и проектный ин-т искусств. волокна с опыт. з-дом. ВНИИВ Проект
Имя издателя, распространителя и т.д. Б. и.
Сведения, относящиеся к заглавию Отчет
Заглавие Обзор фронта обслуживания оборудования основными рабочими и помощниками мастера в производстве искусственных волокон...
Номер тома ... за 1976 год
702 #1 - ИМЯ ЛИЦА - ВТОРИЧНАЯ ОТВЕТСТВЕННОСТЬ
Начальный элемент ввода Орешкина
Часть имени, кроме начального элемента ввода В. А.
Код отношения Прочие
702 #1 - ИМЯ ЛИЦА - ВТОРИЧНАЯ ОТВЕТСТВЕННОСТЬ
Начальный элемент ввода Деренговская
Часть имени, кроме начального элемента ввода Н. Ф.
Код отношения Прочие
801 #0 - ИСТОЧНИК ЗАПИСИ
Страна Российская Федерация
Организация NLR
Правила каталогизации psbo
801 #1 - ИСТОЧНИК ЗАПИСИ
Страна Российская Федерация
Организация ELAR
Источник данных rusmarc
852 ## - МЕСТОНАХОЖДЕНИЕ И ШИФР ХРАНЕНИЯ
Идентификатор организации NLR
Шифр хранения (Call Number) 75-50к/4927
852 ## - МЕСТОНАХОЖДЕНИЕ И ШИФР ХРАНЕНИЯ
Идентификатор организации NLR
Шифр хранения (Call Number) 75-50К/4927
942 ## - ДОПОЛНИТЕЛЬНЫЕ ЭЛЕМЕНТЫ ЗАПИСИ (АБИС)
Тип экземпляра АБИС Книга
980 ## - КОЛЛЕКЦИЯ
Название коллекции Национальная библиография
Экземпляры
Тип экземпляра Дата поступления Библиотека постоянного хранения Библиотека текущего хранения Место хранения Шифр хранения Штрих-код Статус экземпляра
Книга 26.10.2013 РНБ (Московский) РНБ (Московский) Фонд литературы для служебного пользования 75-50к/4927 6478653-10  
Книга 26.10.2013 РНБ (Московский) РНБ (Московский) Фонд литературы для служебного пользования 75-50К/4927 6478653-20